000 01669cam a2200397 a 4500
001 16178368
003 OSt
005 20260218152152.0
008 100408s2010 ilu b 001 0 eng
010 _a 2010015155
020 _a9781433514043
_qtpb
020 _a9781433514050
_qpdf
020 _a9781433514067
_qmobipocket
020 _a9781433524523
_qePub
035 _a16178368
040 _aDLC
_cDLC
_dDLC
050 0 0 _aBR115.C8
_bV295 2010
082 0 0 _a261
_222
100 1 _aVanDrunen, David,
_d1971-
245 1 0 _aLiving in God's two kingdoms :
_ba biblical vision for Christianity and culture /
_cDavid VanDrunen.
260 _aWheaton, Ill. :
_bCrossway,
_cc2010.
300 _a208 p. ;
_c22 cm.
336 _atext
_btxt
_2rdacontent
337 _aunmediated
_bn
_2rdamedia
338 _avolume
_bnc
_2rdacarrier
504 _aIncludes bibliographical references and index.
505 0 _aIntroduction : Christianity, culture, and the two kingdoms -- First things and last things -- Living in Babylon -- Christian life in two kingdoms.
520 _aBy focusing on God's response to each kingdom--his preservation of the civil society and his redemption of the spiritual kingdom--VanDrunen teaches readers how to live faithfully in each sphere. --from publisher description
650 0 _aChristianity and culture.
650 0 _aReformed Church
_xDoctrines.
650 0 _aTwo kingdoms (Lutheran theology)
906 _a7
_bcbc
_corignew
_d1
_eecip
_f20
_gy-gencatlg
942 _2lcc
_cBK
999 _c21284
_d21283